000 00195nam a22000857a 4500
008 170208b xxu||||| |||| 00| 0 eng d
100 _92808
_aJain.L.M
245 _aWaggs
260 _aNew delhi
_bSB
_c2007
999 _c6023
_d6023